Manufacturing from industry 4.0 to industry 5.0 : (Registro nro. 21778)

Detalles MARC
000 -Cabecera
Campo de control interno 00844nam a2200253Ia 4500
005 - Fecha y hora del registro
control field 20260320113312.0
008 - Elementos de Longitud Fija
fixed length control field 260320s9999||||xx |||||||||||||| ||und||
020 ## - ISBN
ISBN 9780443139246
041 ## - Idioma
Codigo Idioma Inglés
082 ## - DEWEY y NOTACIÓN INTERNA
Dewey 670.42
Notación Interna M568
100 ## - AUTOR
Autor denominación Mourtzis, Dimitris,
Término de relación editor
245 #0 - TÍTULO DE MATERIAL BIBLIOGRÁFICO
Título Manufacturing from industry 4.0 to industry 5.0 :
Título paralelo advances and applications
246 ## - TÍTULO TRADUCIDO
Título
Título paralelo
Autor
260 ## - CIUDAD, EDITORIAL, AÑO
Ciudad Amsterdam :
Nombre de la Editorial Elsevier,
Año 2024
300 ## - DESCRIPCIÓN
N° Páginas xvii, 506 páginas :
Otros detalles ilustraciones, tablas ;
Dimensiones 23 cm.
Material Adicional
440 ## - MENCIÓN DE SERIE
Título de la Serie
Número de Serie
Volumen de Serie
650 ## - TEMAS
Temas Tecnología (Ciencias Aplicadas)
653 ## - DESCRIPTORES
Lenguajes no controlado Industria 4.0; Fabricación en la industria; Tecnología 5G; Inteligencia artificial
654 ## - PROGRAMAS
Programa Dpto. de Ingeniería Industrial
700 ## - OTROS AUTORES
Otros autores
Títulos y otras palabras asociadas con el nombre
856 ## - URL - UBICACIÓN
URI/URL: Enlace exacto del recurso <a href="https://research-ebsco-com.ucsp.lookproxy.com/c/qxo6us/search">https://research-ebsco-com.ucsp.lookproxy.com/c/qxo6us/search</a>
Nota pública: Versión digital <a href="Véase además: Base de datos EBSCOhost">Véase además: Base de datos EBSCOhost</a>
942 ## - ELEMENTOS DE KOHA
Tipo de documento Libro
Nombre del creador Justo Noguera
Código de catalogador Margarita Torres
Esquema de clasificación Dewey Decimal Classification
Suppress in OPAC
Existencias
Codigo completo Registro Colección Copia número Disponibilidad Tipo de préstamo Biblioteca Actual Procedencia (Biblioteca) Ubicacón Fecha Ingreso Tipo de Adquisición Observación Date last seen Total checkouts Price effective from Tipo de Item Estado del Material Fuente de Clasificación Damaged status Withdrawn status
670.42 M568 1085335 Universidad Católica San Pablo 1 Disponible Disponible Víctor Andrés Belaunde Víctor Andrés Belaunde Segundo piso 10/03/2026 Compra Ingeniería industrial 20/03/2026   20/03/2026 Libro Bueno Dewey Decimal Classification